00428nam a2200085Ia 4500008004100000245012700041260000900168300014700177650001800324180130s9999 xx 000 0 und d cShea, Sarah MilleraThe permanency plan game show: an intersubjective case study of a foster care child and her caregivers c2013 aBook title: Child and adolescent psychotherapy and psychoanalysis : one hundred years after 'Little Hans'--Acession number C17211; pages 54-69 aPSYCHOTHERAPY